Statistiques concernant Organes du corps humain

Cliquez ici pour prendre le quiz!

Statistiques générales

  • Ce quiz a été pris 21 721 fois
  • Le résultat moyen est 10 sur 12

Réponses sur la Carte

Les réponses sont colorées sur une échelle allant du rouge au vert en fonction du pourcentage des utilisateurs qui les ont devinées à leur premier essai. Vous pouvez retrouver ces pourcentages ci-dessous.
 

Statistiques - réponses

Organe% Correct
Cerveau
100%
Poumons
99%
Foie
93%
Estomac
89%
Intestin grêle
89%
Gros intestin
84%
Cœur
83%
Vessie
80%
Reins
74%
Pancréas
64%
Rate
57%
Vésicule biliaire
44%

Distribution des résultats

Percentile par nombre de réponses

% des personnes avec chaque résultat

Votre développement - résultats

Vous n’avez pas pris ce quiz